Frontiers of environment: (Record no. 144937)

MARC details
000 -LEADER
fixed length control field 00622nam a22001937a 4500
005 - DATE AND TIME OF LATEST TRANSACTION
control field 20241003125844.0
010 ## - LCCN (DPL NO)
LC control number ENG-120452 ENG-141882
020 ## - INTERNATIONAL STANDARD BOOK NUMBER
International Standard Book Number 9789386392787
Terms of availability 1530.00
035 ## - SYSTEM CONTROL NUMBER
System control number EN-103984
035 ## - SYSTEM CONTROL NUMBER
System control number EN-125414
037 ## - SOURCE OF ACQUISITION
Source of stock number/acquisition DBAD
082 ## - DEWEY DECIMAL CLASSIFICATION NUMBER
Classification number 306.09
245 ## - TITLE STATEMENT
Title Frontiers of environment:
Remainder of title issues in medieval and early modern India/
Statement of responsibility, etc edited by Meena Bhargava
260 ## - PUBLICATION, DISTRIBUTION, ETC. (IMPRINT)
Place of publication, distribution, etc Hyderabad
Name of publisher, distributor, etc Orient Black Swan
Date of publication, distribution, etc 2017
270 ## - ADDRESS
Address 3-6-752,Himayantnagar ,
City Hyderabad(Telangana)
Postal code 500029
300 ## - PHYSICAL DESCRIPTION
Extent x,305p.
Dimensions 22cm(Hb)
700 ## - ADDED ENTRY--PERSONAL NAME
Personal name Bhargava,Meena
9 (RLIN) 72324
942 ## - ADDED ENTRY ELEMENTS (KOHA)
Source of classification or shelving scheme Dewey Decimal Classification
Item type English Books
Classification part 306.09
Call number suffix FRO
Holdings
Withdrawn status Lost status Not for loan Collection code Home library Current library Date acquired Source of acquisition Cost, normal purchase price Full call number Barcode Copy number Cost, replacement price Koha item type
    Not For Loan Non-fiction D.B.Act.Division Bawana 19/09/2017 DBAD/PUB 850.00 306.09 FRO EN-103984 1 850.00 English Books
    Not For Loan Non-fiction D.B.Act.Division D.B.Act.Division 03/10/2024 Delivery of Books Act Division 1540.00 306.09 FRO EN-125414 1 1540.00 English Books

© Delhi Public Library
Hit Counter
free hit counter